Aktívne počúvanie

Umenie počúvať ocení aj váš obchodný partner. Niektoré zručnosti, ktoré predpokladá aktívne počúvanie. Niekoľko základných faktorov, ktoré môžu ovplyvniť úspešnosť počúvania. Techniky, ktoré podporia schopnosť počúvať. Spomienka na posledný pracovný rozhovor.

Enregistré dans:
Détails bibliographiques
Auteur principal: Adamková, Hana, 1969-
Format: Chapitre de livre
Langue:slovaque
Sujets:
Tags: Ajouter un tag
Pas de tags, Soyez le premier à ajouter un tag!

MARC

LEADER 00000naa$a2200000$$$4500
001 0003913
005 20240502071347.5
041 0 |a slo 
044 |a SK 
245 1 0 |a Aktívne počúvanie  |c aut. Hana Adamková 
520 |a Umenie počúvať ocení aj váš obchodný partner. Niektoré zručnosti, ktoré predpokladá aktívne počúvanie. Niekoľko základných faktorov, ktoré môžu ovplyvniť úspešnosť počúvania. Techniky, ktoré podporia schopnosť počúvať. Spomienka na posledný pracovný rozhovor. 
610 2 0 |a rozhovor 
610 2 0 |a partneri obchodní 
610 2 0 |a pozornosť aktívna 
610 2 0 |a komunikácia 
610 2 0 |a koncentrácia 
100 1 |a Adamková, Hana, 1969-